| 000 | 00630nam a2200193 4500 | ||
|---|---|---|---|
| 001 | 127767 | ||
| 003 | ES-MaACL | ||
| 005 | 20240516063043.0 | ||
| 007 | t| | ||
| 008 | 070214s1973 sp r ||||1| spa d | ||
| 100 | 0 |
_aRío, Emilio del, _d1928-2022 _997300 |
|
| 245 | 1 | 3 |
_aLa idea de Dios en la generación del 98 / _cEmilio del Río ; prólogo del Dr. Adolfo Muñoz Alonso. |
| 260 |
_aMadrid : _bStudium, _c1973. |
||
| 300 |
_a198 p., 6 lám. ; _c22 cm. |
||
| 650 | 4 |
_aGeneración del 98 (Literatura) _913051 |
|
| 700 | 1 |
_aMuñoz Alonso, Adolfo. _984346 |
|
| 852 |
_aES-MaACL _jC-54743 |
||
| 999 |
_c127767 _d127767 |
||